000 00319nam a22001097a 4500
999 _c508472
_d508472
082 _aA81x54 In2/71/6 Pt.III TA
100 _aSingh, Ardaman
_93810
245 _aHaryana census:
_bestablishment report
_cby Ardaman Singh
260 _aDelhi
_bController of Publications
_c1979
300 _a99+p.
440 _vPart IIIA
_93811